| 000 | 00595nam a22002177a 4500 | ||
|---|---|---|---|
| 005 | 20140310183633.0 | ||
| 008 | 131123b xxu||||| |||| 00| 0 eng d | ||
| 020 | _a9780077139131 | ||
| 050 |
_aHF 5635 _b.L533 2013 |
||
| 100 | _aLeiwy, Danny. | ||
| 245 |
_aAccounting: understanding and practice / _cR W Perks, Danny Leiwy. |
||
| 250 | _a4th ed. | ||
| 260 |
_aNew York : _bMcGraw-Hill Higher Education, _c2013. |
||
| 300 | _a500 p. | ||
| 500 | _aIncludes Index. | ||
| 521 | _aBSA | ||
| 650 | _aAccounting. | ||
| 700 | _aPerks, Robert. | ||
| 942 |
_2lcc _cBK _kFOR |
||
| 999 |
_c25653 _d25653 |
||